000 00462nam a2200181Ia 4500
001 17030
005 20260306170355.0
008 260306t2007||||xx |||||||||||||| ||und||
041 _aESP
082 _a657.42
_bS21C
100 _aSanta Cruz Ramos, Alfonso
_eAUT
245 0 _aContabilización de costos de importación y exportación
260 _c2007
300 _a670 páginas :
_c24 cm.
650 _aGEN
654 _aCCO
942 _cLIB
_dJUS
_fJUS
_2ddc
_n
999 _c17030
_d17030